00842 2200289 4500001002100000005001700021008004100038020002200079035002400101040001200125082001000137084001600147090002000163100001300183245009200196260006400288300003600352504003100388650002700419700001400446700001400460700001200474700001500486700002100501850001200522990001800534INLIS00000000002391620161104084327.0  a978-602-9457-17-9 0010-111600000000170 aYOPDYOG a398.5 a398.5 Mer T aBTR 398.5 Mer T aMerduati aTradisi Berpantun Dalam Masyarakat Tamiangc/ Merduati, dkk. ; editor, Misri A. Muchsin aBanda AcehbBalai Pelestarian Nilai Budaya Banda Acehc2012 avi, 131 hlm.b: ilus.c; 21 cm. aBibliografi : hlm. 128-129 aPantunzTamiang (Aceh) aNurhayati aHasbullah aFariani aSiti Mawar aMisri A. Muchsin aYOPDYOG a53108-PD/A.16